00527nam a2200169Ia 4500003000900000008004100009020001800050040001600068080001500084100001500099245010400114260003400218300001500252490003600267650004100303650001300344IN-BaIIA211028s9999 xx 000 0 eng d a3-540-16187-2 cIIA Library a524.8bBOR aBorner, G. 4aThe early universebfacts and fictioncG. Borner  aBerlinbSpringer-Verlagc1988 axiv, 439p. aTexts and monographs in physics aAstronomy and astrophysics thesaurus aUniverse